| 000 | 00693nam a22002177a 4500 | ||
|---|---|---|---|
| 999 |
_c5292 _d5292 |
||
| 003 | AR-CdUCM | ||
| 008 | 190312b ||||| |||| 00| 0 spa d | ||
| 040 |
_aMUNICIPALIDAD PROVINCIAL DEL CUSCO _cBIBLIOTECA MUNICIPAL DEL CUSCO |
||
| 082 |
_a781.9185 / _bB41 |
||
| 100 |
_aBenavente, Manuel Jose _915998 |
||
| 245 |
_aSistema musical incaico : _bsu diferencia con el europeo / |
||
| 260 |
_aBueno Aires : _bRivadavia, _c1941. |
||
| 300 |
_a16 páginas ; _bilustraciones, _c21 cm. |
||
| 650 |
_aInstrumentos Incaicos _915999 |
||
| 650 |
_aKjena _916000 |
||
| 650 |
_aQuena _916001 |
||
| 650 |
_aInstrumentos de viento _916002 |
||
| 650 |
_aEscalas _96301 |
||
| 942 |
_2ddc _cLIBROS |
||
| 945 | _araen | ||